[Event "Nichelino op 12th"]
[Site "Nichelino"]
[Date "2011.10.08"]
[Round "4"]
[White "Finocchiaro, Gianluca"]
[Black "Anton, Marian"]
[Result "1-0"]
[WhiteElo "2108"]
[BlackElo "1488"]
[PlyCount "28"]
[EventDate "2011.10.06"]
[EventType "swiss"]
[EventRounds "6"]
[EventCountry "ITA"]
[SourceTitle "EXT 2023"]
[Source "ChessBase"]
[SourceDate "2022.10.05"]
[SourceVersion "1"]
[SourceVersionDate "2022.10.05"]
[SourceQuality "1"]

1. d4 e6 2. e4 d6 3. Nc3 g6 4. f4 f6 5. Nf3 Nd7 6. Bc4 Nb6 7. Bb3 Ne7 8. 0-0 Bg7 9. d5 e5 10. a4 0-0 11. a5 Nd7 12. Qe1 b6 13. axb6 Nxb6 14. fxe5 fxe5 1-0